ChatGPT Generated 50 Question General Knowledge #1 - Statistics

General Stats
  • This quiz has been taken 105 times
    87 since last reset
  • The average score is 35 of 50
Answer Stats
Hint Answer % Correct
What is the capital of France? Paris
99%
Who wrote the play "Romeo and Juliet"? William Shakespeare
94%
Who painted the Mona Lisa? Leonardo da Vinci
93%
Which ocean is the largest in the world? Pacific Ocean
91%
What is the largest planet in our solar system? Jupiter
90%
What element does 'O' represent on the periodic table? Oxygen
90%
How many continents are there? Seven
90%
Who discovered gravity when an apple fell on his head? Isaac Newton
89%
What is the longest river in the world? Nile River
89%
Which country is known as the Land of the Rising Sun? Japan
87%
In which year did the Titanic sink? 1912
84%
Who was the first man to walk on the moon? Neil Armstrong
84%
In which country would you find the ancient city of Machu Picchu? Peru
84%
What is the capital of Canada? Ottawa
83%
What currency is used in the United Kingdom? Pound Sterling
83%
What year did World War II end? 1945
79%
What is the name of the longest river in South America? Amazon River
79%
What is the chemical symbol for gold? Au
79%
Which planet is known as the Red Planet? Mars
79%
Which company did Steve Jobs co-found? Apple
77%
What is the hardest natural substance on Earth? Diamond
77%
What is the tallest mountain in the world? Mount Everest
77%
What is the main ingredient in guacamole? Avocado
76%
Who was the first president of the United States? George Washington
76%
What is the capital of Italy? Rome
76%
What type of animal is the fastest land mammal? cheetah
74%
What is the most spoken language in the world? English
74%
Which country is the origin of the Olympic Games? Greece
74%
What is the largest country by land area? Russia
74%
What is the currency of Japan? Yen
74%
In which year did the Berlin Wall fall? 1989
73%
What is the capital of Spain? Madrid
73%
Who was the first woman to win a Nobel Prize? Marie Curie
73%
What is the capital of Australia? Canberra
71%
Which animal is known as the "King of the Jungle"? Lion
71%
Who painted the "Starry Night"? Vincent van Gogh
69%
Who invented the light bulb? Thomas Edison
66%
What is the first element on the periodic table? Hydrogen
63%
Who directed the movie "Jurassic Park"? Steven Spielberg
63%
Who invented the telephone? Alexander Graham Bell
61%
Who was the first female prime minister of the United Kingdom? Margaret Thatcher
61%
What is the largest island in the world? Greenland
60%
What is the national flower of Japan? Cherry Blossom
51%
What is the largest desert in the world? Antarctica
50%
What is the largest species of shark? The Whale Shark
40%
Who discovered penicillin? Alexander Fleming
36%
What is the longest-running American sitcom? The Simpsons
36%
What is the fastest bird in the world? Peregrine Falcon
29%
What is the name of the longest running Broadway musical? The Phantom of the Opera
20%
What is the name of the largest living organism on Earth? The Armillaria
3%
No matching quizzes found
Score Distribution
Percent of People with Each Score
Percentile by Number Answered
Your Score History
You have not taken this quiz since the last reset